| 000 | 012210000a22002410004500 | ||
|---|---|---|---|
| 020 | _a84-301-1259-6 | ||
| 041 | 0 | _aspa eng | |
| 082 | 0 | 4 | _aG 230.01 P143c |
| 100 | 1 | _aPailin, David A. 1936- | |
| 245 | 1 | 0 | _aEl carácter antropológico de la teología : un condicionante en la comprensión de la teología / David A. Pailin ; traducido por Damián Sánchez-Bustamante Páez |
| 260 | _aSalamanca : Sígueme | ||
| 300 | _a333 p. 21 cm | ||
| 440 | 0 | _aVerdad e imagen ; no.132 | |
| 500 | _aÍndices \ Título original en inglés: The anthropological character of theology | ||
| 504 | _aBibliografía: p. [327]-330 | ||
| 505 | 0 | 0 | _aIntroducción al estudio de la teología -- Fe, creencia, teología y razón -- Dios como proyección cósmica -- Dios como realizador de las ideas reguladoras -- Teología y experiencia religiosa -- La teología y la aprehensión de la revelación -- La teología y las necesidades humanas -- La teología y la plenitud de la comprensión |
| 650 | 1 | 4 | _aTeología - Filosofía - embne \ TEOLOGIA Y FILOSOFIA \ ANTROPOLOGIA TEOLOGICA |
| 001 | 17926 | ||
| 942 | _cBK | ||
| 999 |
_c44420 _d44420 |
||
| 336 |
_atexto _btxt _2rdacontent |
||
| 337 |
_2rdamedia _asin mediación _bn |
||
| 338 |
_2rdacarrier _avolumen _bnc |
||